000 00303nam a22001337a 4500
008 170724b xxu||||| |||| 00| 0 eng d
020 _a9780201066456
041 _aeng
080 _a004
100 _a29
101 _aSHK
245 _aFUNDAMENTALS OF DATA NORMALIZATION
_cDUTKA,A.F
942 _2udc
_cBK
999 _c21826
_d21826